Space mission engineering : (Record no. 16309)

MARC details
000 -LEADER
fixed length control field 01511nam a22003017a 4500
005 - DATE AND TIME OF LATEST TRANSACTION
control field 2011120805565.0
008 - FIXED-LENGTH DATA ELEMENTS--GENERAL INFORMATION
fixed length control field 111208s2011 cau|||||d|||| 001 0 eng d
020 ## - INTERNATIONAL STANDARD BOOK NUMBER
International Standard Book Number 1881883159
020 ## - INTERNATIONAL STANDARD BOOK NUMBER
International Standard Book Number 9781881883159
082 ## - DEWEY DECIMAL CLASSIFICATION NUMBER
Edition number 22
Classification number 629.41
Item number SPA
245 ## - TITLE STATEMENT
Title Space mission engineering :
Remainder of title the new SMAD /
Statement of responsibility, etc edited by James R. Wertz, David F. Everett, Jeffery J. Puschell
246 ## - VARYING FORM OF TITLE
Title proper/short title New Space mission analysis and design
260 ## - PUBLICATION, DISTRIBUTION, ETC. (IMPRINT)
Place of publication, distribution, etc Hawthorne, CA
Name of publisher, distributor, etc Microcosm Press :
Date of publication, distribution, etc c2011.
300 ## - PHYSICAL DESCRIPTION
Extent xvi, 1033 p. :
Other physical details ill., tables ;
Dimensions 28 cm
490 ## - Series Statement
-- 28057
Series statement Space technology library
Volume/sequential designation 28
500 ## - GENERAL NOTE
General note Printed material on endpapers
500 ## - GENERAL NOTE
General note This book is a completely rewritten, updated, and expanded follow-on to the 3rd edition of Space mission analysis and design
504 ## - BIBLIOGRAPHY, ETC. NOTE
Bibliography, etc Includes bibliographical references and index
650 ## - SUBJECT ADDED ENTRY--TOPICAL TERM
9 (RLIN) 28058
Topical term or geographic name as entry element Space flight
General subdivision Planning
650 ## - SUBJECT ADDED ENTRY--TOPICAL TERM
9 (RLIN) 28059
Topical term or geographic name as entry element Space vehicles
General subdivision Design and construction
653 ## - INDEX TERM--UNCONTROLLED
Resource For college
Arrived date list December2011
700 ## - ADDED ENTRY--PERSONAL NAME
9 (RLIN) 28060
Personal name Wertz, James Richard
700 ## - ADDED ENTRY--PERSONAL NAME
9 (RLIN) 28061
Personal name Everett, David F
700 ## - ADDED ENTRY--PERSONAL NAME
9 (RLIN) 28062
Personal name Puschell, Jeffery John
942 ## - ADDED ENTRY ELEMENTS (KOHA)
Source of classification or shelving scheme Dewey Decimal Classification
Item type Book - Borrowing
Holdings
Withdrawn status Item status Source of classification or shelving scheme Damaged status Not for loan Vendor Home library Current library Shelving location Date acquired Source of acquisition Cost, normal purchase price Serial Enumeration / chronology Total Checkouts Total Renewals Full call number Barcode Date last seen Date last borrowed Koha item type
    Dewey Decimal Classification     Baccah Central Library Central Library First floor 08/12/2011   530.00 13642 1 2 629.41 SPA 000025799 29/04/2026 18/12/2011 Book - Borrowing
    Dewey Decimal Classification     Baccah Central Library Central Library First floor 08/12/2011   530.00 13642 2   629.41 SPA 000025800 15/07/2025 26/02/2012 Book - Borrowing